Mitu Euroopa riiki suudad nimetada 5 minutiga - Statistics

General Stats
  • This quiz has been taken 583 times
  • The average score is 35 of 45
Answers on the Map
Answers color-coded by a green-red scale on the quiz's map according to % correct below.
 
Answer Stats
Riik % Correct
Eesti
98%
Soome
96%
Itaalia
94%
Läti
94%
Rootsi
93%
Venemaa
93%
Poola
92%
Ukraina
92%
Leedu
91%
Norra
91%
Portugal
91%
Saksamaa
89%
Hispaania
88%
Prantsusmaa
88%
Taani
85%
Iirimaa
84%
Kreeka
84%
Valgevene
84%
Island
83%
Belgia
80%
Albaania
78%
Austria
78%
Bulgaaria
78%
Holland
78%
Slovakkia
78%
Šveits
78%
Andorra
76%
Moldova
76%
Malta
74%
Serbia
74%
Sloveenia
74%
Vatikan
74%
Rumeenia
73%
San Marino
73%
Ungari
72%
Horvaatia
69%
Kosovo
67%
Monaco
67%
Montenegro
66%
Luksemburg
64%
Makedoonia
63%
Ühendkuningriik
59%
Bosnia ja Hertsegoviina
51%
Liechtenstein
51%
Tšehhi Vabariik
46%
No matching quizzes found
Score Distribution
Percent of People with Each Score
Percentile by Number Answered
Your Score History
You have not taken this quiz